000 00838cam a2200229 a 4500
001 12164433
005 20180301050012.0
008 000906s2001 nyua b 001 0 eng
010 _a 00046515
020 _a0195130456 (pbk.)
040 _aDLC
_cDLC
_dDLC
041 _aeng
080 _a808..042/071 eri
082 0 0 _a808..042/071 eri
_221
100 1 _a25
101 _aedu
245 1 2 _aA rhetoric for writing teachers /
_cErika Lindemann with Daniel Anderson.
504 _aIncludes bibliographical references (p.315-338) and index.
906 _a7
_bcbc
_corignew
_d1
_eocip
_f20
_gy-gencatlg
942 _2ddc
_cBK
999 _c43805
_d43805